Central Library OPAC University of Rajshahi

The Akbar nāma of Abu-l-Fazl / (Record no. 27925)

MARC details
000 -LEADER
fixed length control field 01223nam a2200337 a 4500
001 - CONTROL NUMBER
control field 27925
003 - CONTROL NUMBER IDENTIFIER
rucl marc code BD-RjUL
005 - DATE AND TIME OF LATEST TRANSACTION
control field 20211209051222.0
008 - FIXED-LENGTH DATA ELEMENTS--GENERAL INFORMATION
fixed length control field 140329s1993 ii b 001 0 eng d
035 ## - SYSTEM CONTROL NUMBER
System control number (BD-RjUL)28006
040 ## - CATALOGING SOURCE
Original cataloging agency DLC
Transcribing agency DLC
Language of cataloging eng
Modifying agency BD-RjUL
041 1# - LANGUAGE CODE
Language code of text/sound track or separate title eng
Language code of original per
082 00 - DEWEY DECIMAL CLASSIFICATION NUMBER
Classification number 954.025
Edition number 20
Author mark and year ABA V-3 1993
100 0# - MAIN ENTRY--PERSONAL NAME
Personal name Abū al-Faz̤l ibn Mubārak,
Dates associated with a name 1551-1602.
9 (RLIN) 85652
245 14 - TITLE STATEMENT
Title The Akbar nāma of Abu-l-Fazl /
Statement of responsibility, etc. translated from the Persian by H. Beveridge.
Number of part/section of a work Vol III
260 ## - PUBLICATION, DISTRIBUTION, ETC. (IMPRINT)
Place of publication, distribution, etc. Delhi :
Name of publisher, distributor, etc. Ess Ess Publications,
Date of publication, distribution, etc. 1993
300 ## - PHYSICAL DESCRIPTION
Pagination 1274 p. ;
Size 22 cm.
500 ## - GENERAL NOTE
General note Translation of: Akbārnāmah.
General note Reprint. Originally published: Calcutta : Royal Asiatic Society of Bengal, 1902-1939.
General note Vol. 3 has series statement: Bibliotheca Indica, work no. 138.
504 ## - BIBLIOGRAPHY, ETC. NOTE
Bibliography, etc Includes bibliographical references and index.
600 00 - SUBJECT ADDED ENTRY--PERSONAL NAME
Personal name Akbar,
Titles and other words associated with a name Emperor of Hindustan,
Dates associated with a name 1542-1605.
651 #0 - SUBJECT ADDED ENTRY--GEOGRAPHIC NAME
Geographic name Mogul Empire
General subdivision History.
9 (RLIN) 19831
700 1# - ADDED ENTRY--PERSONAL NAME
Personal name Beveridge, Henry,
Dates associated with a name 1837-1929.
830 #0 - SERIES ADDED ENTRY--UNIFORM TITLE
Volume number/sequential designation work no. 138.
830 #0 - SERIES ADDED ENTRY--UNIFORM TITLE
Uniform title Bibliotheca Indica ;
942 ## - ADDED ENTRY ELEMENTS (KOHA)
Source of classification or shelving scheme Dewey Decimal Classification
Koha item type Books
Holdings
Lost status Source of classification or shelving scheme Damaged status Not for loan Collection code Permanent Location Current Location Shelving location Date acquired Source of acquisition Cost, normal purchase price Total Checkouts Full call number Date last seen Copy number Koha item type
  Dewey Decimal Classification     Non-fiction Central Library, University of Rajshahi Central Library, University of Rajshahi   21/12/1999 Dhaka, paragon enterprizes ltd 2384.00   954.025 ABA V-3 1993 29/03/2014 C-2 Books